MyGZULibrary

Psychology / (Record no. 10084)

MARC details
000 -LEADER
fixed length control field 01549cam a2200337 a 4500
001 - CONTROL NUMBER
control field 15947455
003 - CONTROL NUMBER IDENTIFIER
control field GZU
005 - DATE AND TIME OF LATEST TRANSACTION
control field 20211013145724.0
008 - FIXED-LENGTH DATA ELEMENTS--GENERAL INFORMATION
fixed length control field 091016s2011 nyua b 001 0 eng
010 ## - LIBRARY OF CONGRESS CONTROL NUMBER
LC control number 2009042599
020 ## - INTERNATIONAL STANDARD BOOK NUMBER
International Standard Book Number 9780393932508 (hardcover)
020 ## - INTERNATIONAL STANDARD BOOK NUMBER
International Standard Book Number 0393932508 (hardcover)
020 ## - INTERNATIONAL STANDARD BOOK NUMBER
International Standard Book Number 9780393116823 (international ed.)
020 ## - INTERNATIONAL STANDARD BOOK NUMBER
International Standard Book Number 0393116824 (international ed.)
035 ## - SYSTEM CONTROL NUMBER
System control number (OCoLC)ocn317920183
040 ## - CATALOGING SOURCE
Original cataloging agency DLC
Transcribing agency DLC
Modifying agency YDX
-- YDXCP
-- EUN
-- DLC
050 00 - LIBRARY OF CONGRESS CALL NUMBER
Classification number BF121
Item number .GLE 2011
100 1# - MAIN ENTRY--PERSONAL NAME
Personal name Gleitman, Henry.
Relator term author
245 10 - TITLE STATEMENT
Title Psychology /
Statement of responsibility, etc. Henry Gleitman, James Gross, Daniel Reisberg.
250 ## - EDITION STATEMENT
Edition statement 8th edition.
260 ## - PUBLICATION, DISTRIBUTION, ETC.
Place of publication, distribution, etc. New York :
Name of publisher, distributor, etc. W. W. Norton & Co.,
Date of publication, distribution, etc. c2011.
300 ## - PHYSICAL DESCRIPTION
Extent xxi, 715, [126] pages. :
Other physical details ill. (some col.) ;
Dimensions 29 cm.
504 ## - BIBLIOGRAPHY, ETC. NOTE
Bibliography, etc. note Includes bibliographical references (p. R1-R66) and indexes.
505 0# - FORMATTED CONTENTS NOTE
Formatted contents note Research methods -- The genetic and evolutionary roots of behavior -- The brain and the nervous system -- Sensation -- Perception -- Consciousness -- Learning -- Memory -- Thinking -- Language -- Intelligence -- Motivation and emotion -- Social psychology -- Development -- Personality -- Psychopathology -- Treatment of mental disorders.
650 #0 - SUBJECT ADDED ENTRY--TOPICAL TERM
Topical term or geographic name entry element Psychology
Form subdivision Textbooks.
700 1# - ADDED ENTRY--PERSONAL NAME
Personal name Gross, James J.,
Titles and other words associated with a name Ph. D.
Dates associated with a name author
700 1# - ADDED ENTRY--PERSONAL NAME
Personal name Reisberg, Daniel.
Relator term author
906 ## - LOCAL DATA ELEMENT F, LDF (RLIN)
a 7
b cbc
c orignew
d 1
e ecip
f 20
g y-gencatlg
942 ## - ADDED ENTRY ELEMENTS (KOHA)
Source of classification or shelving scheme Library of Congress Classification
Koha item type Books
Edition 8th edition
Classification part 121
Item part GLE
Call number prefix BF
Holdings
Withdrawn status Lost status Source of classification or shelving scheme Damaged status Not for loan Collection code Home library Current library Shelving location Date acquired Source of acquisition Total Checkouts Full call number Barcode Date last seen Date last checked out Copy number Price effective from Koha item type
    Library of Congress Classification     Non-fiction City Campus Library City Campus Library General Stacks 10/13/2021 American Embassy - Harare 3 BF121 GLE 2011 031630 05/17/2023 05/10/2023 c. 1 10/13/2021 Books